| 000 | 01550nam a2200229 a 4500 | ||
|---|---|---|---|
| 003 | DO-SdBNP | ||
| 005 | 20220929094642.0 | ||
| 007 | ta | ||
| 008 | 220920e2017 dr ao||gr||||o001 0 spa d | ||
| 040 |
_aDO-SdBNP _bspa _cBNPHU |
||
| 082 | 4 |
_222 _bM321r |
|
| 245 | _aMarco regulatorio para el fortalecimiento de la conservación de la biodiversidad costera marina y el turismo sostenible: | ||
| 260 |
_aSanto Domingo : _bMinisterio de Medio Ambiente y Recursos Naturales, _c[2017] |
||
| 300 |
_a[43] p. : _bil., fotogr. ; _c28 cm. |
||
| 505 |
_aPresentación. _gSección I _tPropuestas de Modificación de Regulaciones Existentes.-- _tPropuestas de Creación de nuevas regulaciones.-- _tRecomendaciones finales.-- _gAnexo I _tBorrador Política Nacional de Turismo sostenible en Zonas Costero Marinas.-- _gAnexo II _tFortalezas, Oportunidades, Debilidades y Amenazas.-- _tEjes Estratégicos.-- _tEjes Estratégicos 1: Marco Legal e Institucional Adecuado.-- _tEjes Estratégicos 2: Sostenibilidad del Turismo _tEjes Estratégicos 3: Conservación de la Biodiversidad Costera Marina. _tEjes Estratégicos 4: Inversión y Competitividad.-- _tEjes Estratégicos 5: Mercadeo Estratégico.-- _tCuadro de Acciones.-- _tÍndice de tablas.-- _tÍndice de figuras.-- |
||
| 590 | _aInventariado 2022 / MF | ||
| 650 | 4 |
_980852 _aTurismo sostenible _x Aspectos económicos _zRepública Dominicana |
|
| 650 | 4 |
_982041 _aConservación de la biodiversidad _vRepública Dominicana |
|
| 710 | 2 |
_965034 _aProyecto Biodiversidad Costera y Turismo |
|
| 910 | _aMfeliz | ||
| 942 |
_2ddc _cLF2 |
||
| 999 |
_c52432 _d52432 |
||